000 00500nam a2200205Ia 4500
003 OSt
005 20240607114000.0
008 210707s1958 xx 000 0 und d
040 _cAL
041 _aeng
082 _a410 HOCC
100 _aHOCKETT (Charles F)
_9169635
245 _aCourse in modern linguistics.
260 _aNew Delhi.
_bOxford & IBH Publishing Co.,
_c1958
300 _axi,621 p
365 _b30
_cINR
563 _aHB
650 _aLinguistics
_9169636
942 _2ddc
_cBK
999 _c180410
_d180410